| 000 | 02056cam a2200277 a 4500 | ||
|---|---|---|---|
| 005 | 20140903175107.0 | ||
| 008 | 140515s2012 xxuab frb s001 0 eng c | ||
| 020 | _a9780824837433 | ||
| 040 |
_aCO-BoUCM _bspa _cJose A. Gerena _dJose A. Gerena |
||
| 041 | _aeng | ||
| 245 | 0 | 4 |
_aThe contours of mass violence in Indonesia, 1965-68 _ceditado por Douglas Kammen, Katharine McGregor |
| 260 |
_aHonolulu (Hawai, Estados Unidos) _bUniversity of Hawai?i press _c2012 |
||
| 300 |
_axii, 305 páginas _bilustraciones, mapas |
||
| 490 | 1 | _aSoutheast Asia publications series | |
| 504 | _aIncluye referencias bibliográficas e índices | ||
| 505 | 0 | _aIntroduction : the contours of mass violence in Indonesia, 1965-68 / Douglas Kammen and Katharine McGregor -- The September 30th Movement : the aporias of the official narratives / John Roosa -- International dimensions of the 1965-68 violence in Indonesia / Bradley Simpson -- The army para-commando regiment and the reign of terror in central Java and Bali / David Jenkins and Douglas Kammen -- East Java and the role of Nahdlatul Ulama in the 1965-66 anti-communist violence / Greg Fealy and Katharine McGregor -- Anti-communist violence and the ethnic Chinese in Medan, North Sumatra / Yen-ling Tsai and Douglas Kammen -- South Sulawesi : the military, prison camps and forced labour / Taufik Ahmad -- South Blitar and the PKI bases : refuge, resistance and repression / Vannessa Hearman -- West Bali : experiences and legacies of the 1965-66 violence / Mary Ida Bagus -- Mass graves and memories of the 1965 Indonesian killings / Katharine McGregor. | |
| 650 | 7 |
_aHistoria _97695 _y1965-1968 _zIndonesia |
|
| 650 | 7 |
_aViolencia _9422 _y1965-1968 _zIndonesia |
|
| 651 | 4 |
_aIndonesia _xCiencia política _xHistoria _y1965-1968 _961101 |
|
| 690 |
_942844 _aHistoria de Asia |
||
| 690 |
_942914 _aSociología |
||
| 700 | 1 |
_aKammen, Douglas Anton _eeditor _961102 |
|
| 700 | 1 |
_aMcGregor, Katharine E. _eeditor _961103 |
|
| 942 |
_a21 _cLIBRO _e1 _mC763 _2DEWEY _h959.8036 |
||
| 999 |
_c242362 _d242362 |
||